Guess the Fusion Rock Song Lyrics #350 - Statistics

General Stats
  • This quiz has been taken 8 times
  • The average score is 151 of 207
Answer Stats
Answer % Correct
I
100%
and
83%
And
83%
be
83%
But
83%
but
83%
Can't
83%
Carole King
83%
close
83%
could
83%
do
83%
don't
83%
fine
83%
for
83%
good
83%
I'd
83%
in
83%
I've
83%
just
83%
me
83%
my
83%
Nothing
83%
of
83%
out
83%
So
83%
so
83%
the
83%
there
83%
this
83%
to
83%
would
83%
you
83%
your
83%
you're
83%
about
67%
again
67%
ago
67%
along
67%
anybody
67%
anymore
67%
anything
67%
at
67%
away
67%
being
67%
come
67%
Doesn't
67%
doesn't
67%
door
67%
down
67%
dreams
67%
else
67%
face
67%
far
67%
find
67%
gets
67%
help
67%
Holding
67%
hope
67%
How
67%
If
67%
It
67%
it
67%
know
67%
life
67%
Long
67%
many
67%
mind
67%
one
67%
One
67%
only
67%
place
67%
see
67%
spend
67%
stay
67%
stood
67%
sure
67%
that's
67%
There's
67%
time
67%
way
67%
Yeah
67%
yet
67%
Hey
50%
highway
50%
more
50%
much
50%
new
50%
own
50%
rather
50%
reached
50%
road
50%
say
50%
song
50%
wish
50%
work
50%
around
33%
lonely
33%
moving
33%
Traveling
33%
No matching quizzes found
Score Distribution
Percent of People with Each Score
Percentile by Number Answered
Your Score History
You have not taken this quiz